Norwich City 2021/22 Squad - Statistics

General Stats
  • This quiz has been taken 7 times
  • The average score is 17 of 27
Answer Stats
Shirt Number Nationality Answer % Correct
2 England Max Aarons
100%
1 Netherlands Tim Krul
100%
24 United States Josh Sargent
83%
17 Kosovo Milot Rashica
83%
22 Finland Teemu Pukki
83%
14 England Todd Cantwell
83%
28 England Angus Gunn
67%
4 England Ben Gibson
67%
8 Scotland Billy Gilmour
67%
5 Scotland Grant Hanley
67%
15 Turkey Ozan Kabak
67%
35 Republic of Ireland Adam Idah
50%
44 Republic of Ireland Andrew Omobamidele
50%
26 England Bali Mumba
50%
21 England Brandon Williams
50%
6 Germany Christoph Zimmermann
50%
18 Greece Christos Tzolis
50%
30 Greece Dimitris Giannoulis
50%
19 Denmark Jacob Sorensen
50%
23 Scotland Kenny McLean
50%
10 England Kieran Dowell
50%
7 Germany Lucas Rupp
50%
16 Norway Mathias Normann
50%
33 Northern Ireland Michael McGovern
50%
20 France Pierre Lees-Melou
50%
11 Poland Przemyslaw Placheta
50%
3 England Sam Byram
50%
No matching quizzes found
Score Distribution
Percent of People with Each Score
Percentile by Number Answered
Your Score History
You have not taken this quiz